Kpop Group by Maknae - Statistics

General Stats
  • This quiz has been taken 3,104 times
  • The average score is 10 of 20
Answer Stats
Maknae Group % Correct
Jungkook BTS
100%
Tzuyu Twice
90%
Dino Seventeen
88%
Sehun EXO
85%
Hwasa Mamamoo
81%
Yeri Red Velvet
80%
Yugyeom Got7
75%
Seungri Big Bang
73%
Krystal F(x)
65%
I.M Monsta X
59%
Somi I.O.I.
53%
Minzy 2ne1
51%
Hayoung Apink
30%
Chanmi AOA
25%
Changjo Teen Top
12%
Yano ToppDogg
7%
Hongseob 24k
6%
Yijeong History
6%
Subin Dalshabet
5%
Hyeme Rania
5%
No matching quizzes found
Score Distribution
Percent of People with Each Score
Percentile by Number Answered
Your Score History
You have not taken this quiz